000 00935nam a22001937a 4500
008 111124s1993 ua|||||r|||| 000 0 ara d
082 _222
_a219.1
_bم ج ذ
100 _927891
_aالمجذوب ، محمد
245 _aمشكلات الجيل :
_bفي ضوء الإسلام /
_cمحمد المجذوب
250 _aط5
260 _aالقاهرة :
_bدار الشواف،
_c1993
300 _a319 ص ؛
_c22 سم
650 _916805
_aالإسلام والإصلاح الإجتماعى
650 _913668
_aالإسلام والمجتمع
653 _bGeneral
_cNovember2011
942 _2ddc
_cBB
999 _c16260
_d16260